| 000 | 00693nam a22002057a 4500 | ||
|---|---|---|---|
| 005 | 20100810124428.0 | ||
| 010 | _aENG-99398 | ||
| 020 |
_a9788190717793 _c50.00 |
||
| 035 | _aEN-82930 | ||
| 037 | _bDBAD/PUB | ||
| 082 | _a540 | ||
| 100 |
_aArulvani, K. _910041 |
||
| 245 |
_aLearning and strategies of chemistry / _cby K. Arulvani |
||
| 260 |
_aChennai _bVellottam Veletagam _c2008 |
||
| 270 |
_a364/82, Muduchur Salai Tambaram (W) _bChennai _e45 |
||
| 300 |
_a91p. _c20cm (pbk) |
||
| 650 |
_aChemistry - Learning & Strategies _910042 |
||
| 942 |
_2ddc _cEN _h540 _mARU |
||
| 999 |
_c40625 _d40625 |
||